[Event "ESP-chT CECLUB Honor"]
[Site "Melilla"]
[Date "2011.11.22"]
[Round "2"]
[White "Ponomariov, Ruslan"]
[Black "Dreev, Alexey"]
[Result "1/2-1/2"]
[WhiteElo "2723"]
[BlackElo "2710"]
[PlyCount "74"]
[EventDate "2011.11.21"]
[EventType "team-tourn"]
[EventRounds "7"]
[EventCountry "ESP"]
[SourceTitle "CBM 146"]
[Source "ChessBase"]
[SourceDate "2012.01.18"]
[SourceVersion "1"]
[SourceVersionDate "2012.01.18"]
[SourceQuality "1"]
[WhiteTeam "Taldea Gros Xake"]
[BlackTeam "Reverte Albox"]
[WhiteTeamCountry "ESP"]
[BlackTeamCountry "ESP"]

1. d4 d5 2. c4 c6 3. Nf3 Nf6 4. Nc3 e6 5. Bg5 Nbd7 6. e3 Qa5 7. Nd2 Bb4 8. Qc2
O-O 9. Be2 c5 10. Bf4 cxd4 11. exd4 dxc4 12. Nxc4 Qd8 13. O-O Nb6 14. Qb3 Bxc3
15. bxc3 Nxc4 16. Bxc4 Qa5 17. Rfe1 Bd7 18. Re5 Qc7 19. Bd3 b5 20. Qc2 Rfc8 21.
Rc1 Qb6 22. Qb1 b4 23. c4 Qxd4 24. Bg3 Ba4 25. Qxb4 Qxd3 26. Qxa4 Ne4 27. Qc2
Qxc2 28. Rxc2 Rab8 29. Kf1 Rxc4 30. Rxc4 Nd2+ 31. Ke2 Nxc4 32. Rc5 Rb2+ 33. Kd3
Nb6 34. Ra5 Nc8 35. Rc5 Nb6 36. Ra5 Nc8 37. Rc5 Nb6 1/2-1/2

[Event "Dortmund SuperGM 40th"]
[Site "Dortmund"]
[Date "2012.07.13"]
[Round "1"]
[White "Leko, Peter"]
[Black "Ponomariov, Ruslan"]
[Result "1/2-1/2"]
[WhiteElo "2730"]
[BlackElo "2726"]
[Annotator "Marin,M"]
[PlyCount "75"]
[EventDate "2012.07.13"]
[EventType "tourn"]
[EventRounds "9"]
[EventCountry "GER"]
[EventCategory "19"]
[SourceTitle "CBM 150"]
[Source "ChessBase"]
[SourceDate "2012.09.14"]
[SourceVersion "1"]
[SourceVersionDate "2012.09.14"]
[SourceQuality "1"]

1. d4 d5 2. c4 dxc4 3. Nf3 Nf6 4. e3 e6 5. Bxc4 a6 6. O-O c5 7. dxc5 Bxc5 8.
Qxd8+ Kxd8 9. Ne5 Ke7 10. Be2 Nbd7 11. Nc4 Ra7 $146 (11... Rd8 12. Nbd2 Kf8 {
1-0 Baldauf,M (2362)-Huschenbeth,N (2459)/Rosenheim 2010/CBM 138 Extra (56)}) (
11... Ne4 {0-1 Laznicka,V (2591)-Ganguly,S (2603)/Dresden 2008/CBM 128 (54)}) (
11... a5 {1/2 Georgiev,K (2672)-Laznicka,V (2637)/Pamplona 2009/CBM 134 (23)})
(11... b5 {1/2 Maiorov,N (2524)-Grishchenko,S (2390)/Minsk 2008/CBM 125 Extra 
(40)}) 12. Nbd2 {After this move Black will not face problems with completing
his development.} (12. Bd2 b5 $140 13. b4 {may be the critical test of Black's
novelty.}) 12... b5 13. Na5 Rc7 14. a4 bxa4 15. Ndc4 Nb8 16. Rxa4 Bd7 17. Ra1
Bb5 18. b3 Ne4 19. Bb2 f6 20. Bf3 Ng5 21. Be2 Rd8 22. Rfc1 Bb4 23. Bf1 Nd7 24.
Ba3 Bc5 25. Bxc5+ Nxc5 26. Na3 Bxf1 27. Kxf1 Rdc8 28. f3 Nf7 29. Rc3 Nd7 30.
Rxc7 Rxc7 31. N3c4 Nfe5 32. Ke2 Nxc4 33. Nxc4 Nc5 34. Na5 Nb7 35. Nxb7 Rxb7 36.
Rxa6 Rxb3 37. Ra7+ Kf8 38. Kf2 1/2-1/2

[Event "Dortmund SuperGM 40th"]
[Site "Dortmund"]
[Date "2012.07.16"]
[Round "4"]
[White "Ponomariov, Ruslan"]
[Black "Karjakin, Sergey"]
[Result "1/2-1/2"]
[WhiteElo "2726"]
[BlackElo "2779"]
[Annotator "Kritz,L"]
[PlyCount "92"]
[EventDate "2012.07.13"]
[EventType "tourn"]
[EventRounds "9"]
[EventCountry "GER"]
[EventCategory "19"]
[SourceTitle "CBM 150"]
[Source "ChessBase"]
[SourceDate "2012.09.14"]
[SourceVersion "1"]
[SourceVersionDate "2012.09.14"]
[SourceQuality "1"]

1. e4 e5 2. Nf3 Nc6 3. Bb5 Nf6 4. O-O Nxe4 5. Re1 Nd6 {Weiß muss genau wissen,
wie er nach 5...Nf6 in Vorteil kommt:} (5... Nf6 6. d4 $1 {Der stärkste Zug.} (
6. Nxe5 Be7 7. d4 O-O 8. Nc3 a6 9. Be2 d6 10. Nf3 Re8 11. Bf4 Bf8 12. Qd2 h6
13. h3 Bf5 $11 {Carlsen - Anand (Kristiansund, 2010)}) 6... e4 7. d5 Be7 8. Ng5
(8. dxc6 bxc6 9. Bxc6 dxc6 10. Qxd8+ Bxd8 11. Nc3 O-O $15) 8... a6 9. Ba4 b5
10. Bb3 Ne5 11. Nc3 $14) 6. Nxe5 {Nicht mehr als die Möglichkeit, den Gegner
in eine Falle zu locken, bringt 6.Bxc6:} (6. Bxc6 dxc6 7. Nxe5 Be7 8. Qe2 Be6
9. d3 Nf5 $1 (9... O-O $2 10. Nxf7 Rxf7 11. Qxe6 $16) 10. Nd2 O-O $11) 6... Be7
7. Bf1 (7. Bd3 O-O 8. Nc3 Nxe5 9. Rxe5 c6 10. b3 Ne8 11. Qf3 d5 12. Bb2 Bf6 13.
Re2 Nc7 14. Na4 Bxb2 15. Nxb2 Ne6 $11 {Shirov - Ivanchuk (Monte Carlo, 1995)})
7... Nxe5 8. Rxe5 O-O 9. Nc3 {Die Hauptvariante ist 9.d4, aber auch dann
gleicht Schwarz leicht aus.} (9. d4 Bf6 10. Re1 Nf5 11. c3 (11. d5 Re8 12. Nd2
Rxe1 13. Qxe1 d6 14. Ne4 Bd4 15. c3 Bb6 16. a4 a6 17. a5 Ba7 $11 {Popov - Ni
Hua (Dagomys, 2008)}) 11... d5 12. Bf4 c6 13. Nd2 Nh4 14. Bd3 Bf5 $11) 9... Bf6
10. Re1 c6 {Ich denke, dass Schwarz nach 10....Nf5 leicht ausgleicht.} (10...
Nf5 11. Nd5 c6 12. Nxf6+ Qxf6 13. c3 d5 14. d4 Nd6 15. Qh5 h6 $11 {Zinchenko -
Kryvoruchko (Rethymnon, 2010)}) 11. d4 Nf5 12. d5 $1 {Hier nutzt Weiß die
Stellung des schwarzen Bauern auf c6 aus.} d6 13. Ne4 {Die Alternativen
bringen wenig.} (13. Bd3 Be5 14. Be4 Bd7 15. Qd3 g6 $1 (15... Qf6 $2 16. g4 $1
Nh4 17. g5 Qd8 18. Bxh7+ Kh8 19. Re4 $16 {Guseinov - Sargissian (Porto Carras,
2011)})) (13. Bf4 Bxc3 14. bxc3 Qf6 15. c4 c5 16. Bd3 Nd4 17. Be3 h6 18. Qh5
Bd7 19. c3 Nf5 20. Bd2 Nh4 $11 {Fedorov - Sturua (Dubai, 2009)}) 13... Be7 {
Der Rückzug sieht etwas passiv aus. Mir gefällt der typische Zug ...Be5 besser:
} (13... Be5 14. c3 (14. f4 $2 Bd4+ 15. Kh1 cxd5 $15) 14... Qb6 {Schwarz
verhindert f4.} 15. dxc6 (15. Bc4 Bd7 16. Qb3 Rae8 17. Bg5 h6 18. Bd2 Qc7 $132
{Vishnu - Hess (Chalkis, 2010)}) (15. Kh1 cxd5 16. Qxd5 Be6 $36) 15... bxc6 16.
Nd2 Qd8 17. Nc4 Bf6 18. Bf4 d5 $11 {Asrian - Sargissian (Moscow, 2006)}) 14. c3
Nh4 {Der Springer macht Platz für den weißfeldrigen Läufer.} (14... cxd5 15.
Qxd5 Qb6 16. Bg5 Be6 17. Qd2 $14 {Guliyev - Meszaros (Bastia, 2010)}) 15. g3
Ng6 (15... cxd5 $6 16. Nd2 (16. Qxd5 Nf3+ $19) 16... Nf5 17. Nb3 Be6 18. Bg2
$14 {Weiß gewinnt den Bauern zurück und Schwarz verbleibt mit isoliertem Bauer
d6.}) 16. f4 f5 17. Nf2 c5 $11 {Das ist eine typische Stellung mit
gleichwertigen Chancen.} 18. Bd2 (18. c4 Bf6 $11) 18... Bf6 19. Qc2 Ne7 20. c4
$6 {Mir scheint der Zug verdächtig zu sein. Der Plan mit der Überführung des
Springers nach c4 sieht interessanter aus.} (20. Nd1 $5 Bd7 (20... Nxd5 $4 21.
Bc4 $18) 21. a4 Kh8 22. Ne3 Ng8 23. Nc4 $14) 20... Kh8 21. a4 (21. Bc3 Ng8 22.
Nd3 Bxc3 23. Qxc3 Nf6 $11) 21... Bd7 $1 {Schwarz lässt sich auf keine
Provokationen ein. Ein Fehler wäre es, ...a5 zu spielen:} (21... a5 22. Nd1 $14
{/\Nc3-Nb5}) 22. Bd3 Qc7 23. Kg2 Rae8 {Schwarz will Figuren tauschen und sich
damit das Leben leichter machen.} 24. Nh3 b6 (24... h6 25. Ng1 Qc8 26. Nf3 $14)
25. Bc3 {Wenn Weiß seinen Springer gegen den schwarzen Läufer tauschen lässt,
sind die Folgen gar nicht so eindeutig.} (25. Ng5 Bxg5 $5 26. fxg5 Ng6 27. Rxe8
Rxe8 28. Bc3 Ne5 $132) 25... Bxc3 26. Qxc3 Ng8 (26... h6 27. Ng1 Ng6 28. h4
Rxe1 29. Rxe1 Qd8 30. h5 Ne7 31. Qc2 $14 {/\Nf3-Nh4.}) 27. Ng5 Nf6 28. b3 (28.
Ne6 Bxe6 29. Rxe6 Rxe6 30. dxe6 Qc6+ 31. Kg1 Ne4 32. Bxe4 fxe4 $132) 28... h6 {
Schwarz will Weiß zu Ne6 zwingen.} 29. Nf3 (29. Ne6 Bxe6 30. Rxe6 Rxe6 31. dxe6
Qc6+ 32. Kg1 Ne4 33. Bxe4 fxe4 $132) 29... Kh7 $1 {Der Druck von Weiß wird
reduziert. Nun will Schwarz ...g6 spielen.} 30. h3 (30. Nh4 g6 31. Rxe8 Nxe8
32. Re1 Qd8 $11) 30... Qd8 31. Ra2 {Weiß hat sehr langsam gespielt, so dass
Schwarz überhaupt kein Problem hat. Er kann einfach alle Türme tauschen und
damit in ein gleiches Endspiel gehen.} Rxe1 32. Qxe1 Re8 33. Re2 Rxe2+ 34. Qxe2
g6 $11 {Schwarz hat keine Schwächen und die Stellung ist Remis.} 35. Nd2 Kg7
36. Nb1 Kf7 37. Nc3 Nh5 {Nun muss Weiß aufpassen, die schwarze Dame will nach
f6 und dann nach d4 gehen.} 38. Qe3 Qf6 39. Be2 Ng7 40. Kf2 g5 41. Bf3 g4 42.
Bg2 h5 43. h4 a5 44. Ke1 Qe7 45. Qxe7+ Kxe7 46. Bf1 Kf6 1/2-1/2

[Event "ESP-chT CECLUB Honor"]
[Site "Leon"]
[Date "2012.11.05"]
[Round "1.2"]
[White "Ponomariov, Ruslan"]
[Black "Iturrizaga Bonelli, Eduardo"]
[Result "1/2-1/2"]
[WhiteElo "2741"]
[BlackElo "2656"]
[PlyCount "86"]
[EventDate "2012.11.05"]
[EventType "team-tourn"]
[EventRounds "7"]
[EventCountry "ESP"]
[SourceTitle "EXT 2013"]
[Source "ChessBase"]
[SourceDate "2012.11.22"]
[SourceVersion "1"]
[SourceVersionDate "2012.11.22"]
[SourceQuality "1"]
[WhiteTeam "Gros Xake Taldea"]
[BlackTeam "Equigoma"]
[WhiteTeamCountry "ESP"]
[BlackTeamCountry "ESP"]

1. e4 c5 2. Nf3 g6 3. d4 cxd4 4. Qxd4 Nf6 5. Nc3 Nc6 6. Qa4 d6 7. e5 dxe5 8.
Nxe5 Bd7 9. Nxd7 Qxd7 10. Be3 Bg7 11. Rd1 Qf5 12. Bd3 Qe5 13. O-O O-O 14. Rfe1
Rfd8 15. a3 e6 16. h3 Rd7 17. Bf1 Qc7 18. Bf4 Qb6 19. Qb5 Qxb5 20. Bxb5 Rad8
21. Rxd7 Rxd7 22. Na4 Bf8 23. c4 a6 24. Bxc6 bxc6 25. Be3 Rd3 26. Kf1 Nd7 27.
Ke2 Rb3 28. Rd1 Rb7 29. b4 Be7 30. f4 Kf8 31. Nb2 Ke8 32. Nd3 f6 33. g4 Rb8 34.
Rb1 a5 35. Kd2 axb4 36. axb4 e5 37. fxe5 Nxe5 38. c5 Nc4+ 39. Ke2 Ra8 40. Bf4
Ra2+ 41. Kf3 Ra3 42. Ke2 Ra2+ 43. Kf3 Ra3 1/2-1/2

[Event "Tashkent FIDE GP 2nd"]
[Site "Tashkent"]
[Date "2012.12.03"]
[Round "10"]
[White "Ponomariov, Ruslan"]
[Black "Dominguez Perez, Leinier"]
[Result "1-0"]
[WhiteElo "2741"]
[BlackElo "2726"]
[Annotator "Marin,M"]
[PlyCount "73"]
[EventDate "2012.11.22"]
[EventType "tourn"]
[EventRounds "11"]
[EventCountry "UZB"]
[EventCategory "20"]
[SourceTitle "CBM 152"]
[Source "ChessBase"]
[SourceDate "2013.01.15"]
[SourceVersion "1"]
[SourceVersionDate "2013.01.15"]
[SourceQuality "1"]

1. e4 c5 2. Nc3 d6 3. Nge2 Nf6 4. g3 {A flexible move order, retaining the
possibility to switch back to the open lines with d2-d4 or alternatively keep
the game within the Closed Sicilian territory.} Nc6 5. Bg2 g6 6. d3 {This is
by far not the most aggressive Closed Sicilian setup. In the main lines, White
plays either f2-f4 followed by Nf3 or Be3 followed by Qd2 and, if allowed, Bh6.
} Bg7 7. h3 O-O 8. O-O Rb8 9. f4 Nd7 10. a4 a6 11. f5 {Clearing the f4-square
for the e2-knight, while the e3-square is reserved for its colleague.} ({
The plan involving Ne2-g3 is less threatening.} 11. g4 b5 12. axb5 axb5 13. Ng3
(13. f5 {would transpose back to the main game.}) (13. e5 {does not lead to
anything constructive after} Nd4) 13... b4 (13... c4 $5 14. dxc4 bxc4 15. Kh2
Nd4 16. Ra2 Nb5 17. Bd2 Nc5 18. Nxb5 Rxb5 19. Bc3 Bxc3 20. bxc3 Ra5 21. Qa1
Rxa2 22. Qxa2 Bb7 23. Rd1 $13 {Suetin,A (2420)-Siegel,G (2475)/Biel 1996/EXT
1998 (1-0, 68)}) 14. Nce2 Bb7 (14... Qb6 15. Kh1 Ba6 16. f5 Ra8 17. Nf4 c4 $36
{Serrano Salvador,E (2251)-Llanes Hurtado,M (2299)/Lorca 2004/EXT 2005 (0-1,
30)}) 15. f5 Ra8 16. Rxa8 Qxa8 17. c3 bxc3 18. bxc3 Qa2 $36 {Molinari,G-Werle,
J (2223)/Leiden 1999/EXT 2000 (0-1, 61). In all these lines, the knight is not
doing much on g3.}) 11... b5 12. axb5 axb5 13. g4 b4 {The most natural.} ({
The over-ambitious} 13... e6 {, aiming to restrict the c3-knight, has the
drawback of weakening the f6-square too soon and allows White to get a huge
space advantage:} 14. g5 $1 Be5 15. f6 Qb6 ({Black probably feared that} 15...
b4 16. Nb1 {[%cal Gb1d2,Gd2f3] would help White to improve his queen knight's
position.}) 16. Kh1 Bb7 17. Nf4 Nd4 18. Nce2 Nxe2 19. Qxe2 Ra8 20. Rb1 c4 21.
h4 cxd3 22. cxd3 Bxf4 $6 {Giving up the bishop pair is an important positional
concession. Since White has not make any major commitment yet, he will be able
to switch back from attacking to positional play.} (22... Rfc8 23. h5 $40 {
is way too dangerous for Black.}) (22... h5 $2 23. Nxh5 $1 $16) ({The most
flexible move was} 22... h6 $5 {, but Black would have to be aware of tactical
threats at every step.}) 23. Bxf4 h5 24. gxh6 Kh7 25. Be3 Qa6 26. d4 $14 {
Jobava,B (2730)-Wojtaszek,R (2717)/Poznan 2012/CBM 150 (1-0, 49)}) 14. Nd5 e6
$146 ({Exchanging one pair of knights with} 14... Nb6 15. Nef4 Nxd5 16. Nxd5 {
helps White, whose coordination was far from perfect a few moves ago.} Bd4+ (
16... e6 {Andreikin,D (2687)-Le Quang,L (2687)/Havana 2011/CBM 143 (1/2, 39)}
17. f6 $5 Bh8 18. Bh6 exd5 19. exd5 Nd4 20. Bxf8 Kxf8 21. g5 {With his bishop
locked on h8 forever, Black is in trouble despite his material advantage.}) 17.
Kh1 e6 18. Ne3 Bf6 19. Nc4 $14 {Andreikin,D (2689)-Sjugirov,S (2626)/Moscow
2011/CBM 141 (1/2, 28)}) 15. Ne3 Nd4 16. Nf4 Nb6 {I am not sure that this was
really necessary. The knight stands well on d7, keeping the f6- and e5-squares
under control.} ({The following developing sequence deserves attention:} 16...
Qe7 17. Bd2 Nb5 18. Nc4 ({If White plays in the same way as in the game,
Black's queenside attack develops much faster:} 18. Ra2 $6 Bb7 19. Qf3 Ra8)
18... Nb6 {Now, this knight move iis justified.} 19. Nxb6 Rxb6 20. Ra2 Ra6 $132
{[%csl Gb2]}) 17. Bd2 {[%cal Gc2c3]} Nb5 18. Ra2 Re8 $5 {A subtle move, but
Black will not spot its real merits.} ({If} 18... Ra8 19. Rxa8 Nxa8 20. Bc1 {
defends the queenside, retaining strong kingside pressure.}) 19. Qf3 d5 $6 {
Weakening the light squares so much plays into White's hands. Black rightly
decides that he should open the play somehow, in order to put a stop to
White's attack, but does not find the best way to do it.} (19... Nd4 {is
natural and good.} 20. Qf2 (20. Qd1 {is not an attempt to play for a win.})
20... exf5 $1 21. gxf5 Bf6 22. Be1 {Apparently, White has managed to maintain
his pressure, but now the hidden force of the e8-rook comes to tell:} Nxf5 $1
23. exf5 (23. Nxf5 Bxf5 $1 {[%csl Rf2,Rg1]}) 23... Rxe3 $1) 20. exd5 $5 {
This offers some pressure, but the evaluation remains uncertain.} ({The pawn
chain has to be undermined as close as possible to its base:} 20. Nxe6 $1 Bxe6
(20... dxe4 21. Qf4 Bxe6 22. fxe6 f6 23. Bxe4 $14) (20... fxe6 21. f6 $14) 21.
fxe6 fxe6 22. exd5 Rf8 23. Qg3 exd5 24. Rxf8+ Bxf8 25. g5 $5 $36 {[%cal Ge3g4]}
) 20... exf5 21. gxf5 Nd4 22. Qf2 Nxf5 23. Nxf5 Bxf5 24. c3 bxc3 25. bxc3 {
The strong d5-pawn causes Black some problems with his coordination, but I
doubt that this is enough to claim an advantage.} Nd7 26. Nh5 Be5 27. d4 {
An obvious way to gain space, but now any simplifications would bring the game
closer to a worse ending.} cxd4 28. cxd4 Bd6 29. Ra7 {White has reached almost
a maximum of activity, but the position remains static mainly.} Nb6 $2 {
Overlooking the hidden threats.} (29... Kh8 30. Bh6 Rg8 {would avoid immediate
problems and entitled Black to hope for the best in the long run.}) 30. Bh6 $1
$16 {[%cal Gh5g7] /\Ng7. Suddenly, Black is in trouble.} Bf8 $2 31. Bf4 $6 (31.
Bxf8 $1 Rxf8 32. Qg3 $18) 31... Rc8 (31... Bd6 $16) 32. Qg3 $18 {/\Bc7} Be7 33.
Rxe7 $1 Qxe7 (33... Rxe7 34. Nf6+ Kh8 (34... Kg7 35. Qg5 $18) 35. Qh4 h5 36.
Qg5 Qf8 37. Bd6 $18) 34. Bg5 Qe2 35. Nf6+ Kg7 36. Nxe8+ Rxe8 37. Rxf5 (37. Rxf5
gxf5 38. Be7+ $1 $18) 1-0